| 000 | 00553nam a2200193 a 4500 | ||
|---|---|---|---|
| 001 | 2430 | ||
| 003 | CDMR | ||
| 005 | 20131112122612.0 | ||
| 008 | 130130s1971||||||||||||||||||||||||||||d | ||
| 040 |
_aCDMR _bcat _cCDMR |
||
| 100 | 1 |
_aArnaldi, Piero _91817 |
|
| 245 | 1 | 4 |
_aLas publicaciones de la empresa _cPiero Arnaldi |
| 260 |
_aBarcelona _c1971 _bSeix Barral |
||
| 300 |
_a196 p ; _c20 cm |
||
| 490 | 0 |
_aBiblioteca Técnica Comercial Seix Barral _v7 |
|
| 650 | 0 | 4 |
_91819 _aRevistes d'empresa |
| 650 | 0 | 4 |
_92798 _aComunicació en l'empresa |
| 942 |
_cMON _2udc |
||
| 999 |
_c2430 _d2430 |
||